Online katalóg knižníc regiónu Turca

Konzervovanie a spracovanie ovocia v domácnosti (Record no. 20319)

MARC details
000 -LEADER
fixed length control field 01581cam a2200457 a 4500
001 - CONTROL NUMBER
control field 20319
003 - CONTROL NUMBER IDENTIFIER
control field VRT
005 - DATE AND TIME OF LATEST TRANSACTION
control field 20260121123356.0
008 - FIXED-LENGTH DATA ELEMENTS--GENERAL INFORMATION
fixed length control field 240314s1959 xo al g f 000 0 slo
015 ## - NATIONAL BIBLIOGRAPHY NUMBER
National bibliography number SKSNBA1960/02-00220
020 ## - INTERNATIONAL STANDARD BOOK NUMBER
Qualifying information (brož.)
035 ## - SYSTEM CONTROL NUMBER
System control number SK01SNK19600028312
035 ## - SYSTEM CONTROL NUMBER
System control number SKM000030775
039 #9 - LEVEL OF BIBLIOGRAPHIC CONTROL AND CODING DETAIL [OBSOLETE]
Level of rules in bibliographic description 202403141048
Level of effort used to assign nonsubject heading access points VLOAD
Level of effort used to assign subject headings 202009291035
Level of effort used to assign classification AUTHORITY
Level of effort used to assign subject headings 201811270834
Level of effort used to assign classification VLOAD
Level of effort used to assign subject headings 201808131346
Level of effort used to assign classification VLOAD
040 ## - CATALOGING SOURCE
Original cataloging agency SNK
Language of cataloging slo
Transcribing agency SNK
Description conventions AACR2
041 0# - LANGUAGE CODE
Language code of text/sound track or separate title slo
044 ## - COUNTRY OF PUBLISHING/PRODUCING ENTITY CODE
MARC country code xo
ISO country code SK
072 #7 - SUBJECT CATEGORY CODE
Subject category code 641
Subject category code subdivision Kuchárstvo. Potraviny. Varené jedlá
Source konspekt
080 ## - UNIVERSAL DECIMAL CLASSIFICATION NUMBER
Universal Decimal Classification number 641.4:634.1/.8
Edition identifier 2001
080 ## - UNIVERSAL DECIMAL CLASSIFICATION NUMBER
Universal Decimal Classification number (035)
Edition identifier 2001
100 1# - MAIN ENTRY--PERSONAL NAME
Personal name Buchtová, Helena,
Dates associated with a name 1902-1976
Relationship aut
245 10 - TITLE STATEMENT
Title Konzervovanie a spracovanie ovocia v domácnosti
Statement of responsibility, etc. Helena Buchtová
250 ## - EDITION STATEMENT
Edition statement 1. vyd.
260 ## - PUBLICATION, DISTRIBUTION, ETC.
Place of publication, distribution, etc. Bratislava
Name of publisher, distributor, etc. Slovenské vydavateľstvo pôdohospodárskej literatúry
Date of publication, distribution, etc. 1959
300 ## - PHYSICAL DESCRIPTION
Extent 163 s.
Other physical details ilustr., tab.
Dimensions 16 cm
366 ## - TRADE AVAILABILITY INFORMATION
Note 8220 výt.
490 1# - SERIES STATEMENT
Series statement Malá knižnica záhradkára
Volume/sequential designation zv. 10
650 07 - SUBJECT ADDED ENTRY--TOPICAL TERM
Topical term or geographic name entry element konzervovanie ovocia
Source of heading or term SNKPH
655 #7 - INDEX TERM--GENRE/FORM
Genre/form data or focus term príručky
Source of term SNKPH
830 #0 - SERIES ADDED ENTRY--UNIFORM TITLE
Uniform title Malá knižnica záhradkára
910 ## - USER-OPTION DATA (OCLC)
User-option data kis3gmm
910 ## - USER-OPTION DATA (OCLC)
User-option data snk
910 ## - USER-OPTION DATA (OCLC)
User-option data svkbb
942 ## - ADDED ENTRY ELEMENTS (KOHA)
Source of classification or shelving scheme Dewey Decimal Classification
Koha item type Odborná literatúra pre dospelých
Suppress in OPAC No
949 ## - LOCAL PROCESSING INFORMATION (OCLC)
6 270001000480091
a svkbbS 3886
b svkbbm 56039
949 ## - LOCAL PROCESSING INFORMATION (OCLC)
6 17A0557204
a snkSD 18153 D1
b snkKSP 46/60
949 ## - LOCAL PROCESSING INFORMATION (OCLC)
6 17A0475742
a snkSD 18153
b snkKSP 45/60
949 ## - LOCAL PROCESSING INFORMATION (OCLC)
6 273K0390550
a svkpoA 29296
b svkpo69867
Holdings
Stav vyradenia Strata Poškodenie Spôsob nadobudnutia Domovská knižnica Aktuálna knižnica Dátum nadobudnutia Total checkouts Čiarový kód exemplára Date last seen Typ exemplára
      Dar Obecná knižnica Horná Štubňa Obecná knižnica Horná Štubňa 21.01.2026   4736200357 21.01.2026 Odborná literatúra pre dospelých
Projekt je podporený Slovenskou asociáciou knižníc
Prevádzkuje Turčianska knižnica Martin 2026